| 000 | 00991nam a22003257a 4500 | ||
|---|---|---|---|
| 001 | 0034380 | ||
| 003 | KOHA_MİRAKIL | ||
| 005 | 20260207002917.0 | ||
| 007 | ta | ||
| 008 | 111216b tu |||gr||||#0|||1|tur | | ||
| 040 |
_aTR-BiSEU _btur _cTR-BiSEU _erda |
||
| 041 | 0 | _atur | |
| 044 | _ctu | ||
| 050 |
_aPT1853 _b.K69 1945 |
||
| 100 | 0 | _aEbner-Eschenbach. | |
| 245 | 1 |
_aKöyün çocuğu II/ _cEbner-Eschenbach ; Ebner-Eschenbach ; Çev.: Burhan Arpad. |
|
| 264 | 1 |
_aİstanbul : _bMilli Eğitim Bakanlığı |
|
| 300 |
_a86 sayfa ; _c18 cm. |
||
| 336 |
_ametin _btxt _2rdacontent |
||
| 337 |
_aaracısız _bn _2rdamedia |
||
| 338 |
_acilt _bnc _2rdacarrier |
||
| 490 | 1 | _aMilli Eğitim Bakanlığı . | |
| 490 | 1 |
_aAlman klâsikleri ; _v19 |
|
| 650 | 0 |
_aAlman edebiyatı--roman. _932154 |
|
| 650 | 0 |
_aGerman literature--fiction. _936510 |
|
| 830 | 1 |
_aMilli Eğitim Bakanlığı . _925055 |
|
| 830 | 1 |
_aAlman klâsikleri ; _v19 _966343 |
|
| 907 | _aRoman | ||
| 942 |
_2lcc _cBK |
||
| 999 |
_c34293 _d34293 |
||